000 02200cas a2200457 i 4500
999 _c7517
_d7517
001 17709588
003 GBCCL
005 20241126110630.0
008 130423c19uu9999ii fr 0 0eng
010 _a 2012350177
025 _aI-D-E-2012-350177; 13-91
035 _a(OCoLC)ocn840468843
040 _aDLC
_beng
_erda
_cDLC
_dOCLCO
_dDLC
_dOCLCQ
_dDLC
_dOCLCF
_dOCLCO
_dDLC
_dOCLCA
042 _apcc
043 _aa-ii---
050 0 0 _aBT30.I4
_bG87
082 _a230.0954
_bGUR
245 0 0 _aGurukul journal of theological studies.
264 1 _aChennai :
_bGurukul Lutheran Theological College and Research Institute
300 _avolumes ;
_c24 cm
310 _aSemiannual
336 _atext
_btxt
_2rdacontent
337 _aunmediated
_bn
_2rdamedia
338 _avolume
_bnc
_2rdacarrier
505 _aVol XX, NO.1 January 2009 Biblical hermeneutics : exploring new cartographies Vol XX, NO.2 June 2009 Christian ethics :conformity to resistance and alternatives
505 _aVol XXII, NO.1 January 2011 Interfaith Dialogue : perennial questions, yet journeying with provisional answers Vol XXII, NO.2 June 2011 The future of Lutheran Theology and Lutheran communion in India
505 _aVol XXIII, NO.1 January 2012 Re-reading the Bible and history Vol XXIII, NO.2 June 2012 Human Sexuality: Theological and Biblical reflections
505 _aVol XXIV, NO.1 & 2 January & June 2013 Dalit Theology : a continuing concern
588 _aDescription based on: Vol. XXI, no. 1 (January 2010); title from cover.
588 _aLatest issue consulted: Vol. XXII, no. 2 (June 2011).
590 _aAcquired via LC overseas office. New Delhi Field Office. Most recent issues may not yet be available in LC Washington.
650 0 _aTheology, Doctrinal
_zIndia
_vPeriodicals.
_913291
650 7 _aTheology, Doctrinal.
_2fast
_0(OCoLC)fst01149617
_914
651 7 _aIndia.
_2fast
_0(OCoLC)fst01210276
_913064
655 7 _aPeriodicals.
_2fast
_0(OCoLC)fst01411641
_95568
710 2 _aGurukul Lutheran Theological College and Research Institute.
_92143
906 _a7
_bcbc
_cserorig
_d3
_encip
_f20
_gn-oclcserc
942 _2ddc
_cBD